[Event "CZE-chT1W 2324"]
[Site "Czech Republic"]
[Date "2024.02.18"]
[Round "8.5"]
[White "Vojta, Tomas"]
[Black "Sebo, Igor"]
[Result "1-0"]
[WhiteElo "2311"]
[BlackElo "1858"]
[PlyCount "59"]
[EventDate "2023.10.29"]
[EventType "team-tourn"]
[EventRounds "11"]
[EventCountry "CZE"]
[SourceTitle "EXT 2025"]
[Source "ChessBase"]
[SourceDate "2024.10.14"]
[SourceVersion "1"]
[SourceVersionDate "2024.10.14"]
[SourceQuality "1"]
[WhiteTeam "Vlasim Spartak"]
[BlackTeam "Praha Oaza II"]
[WhiteTeamCountry "CZE"]
[BlackTeamCountry "CZE"]

1. e4 e5 2. Nc3 Bc5 3. f4 d6 4. Nf3 Nc6 5. Bb5 Bg4 6. Na4 Bb6 7. Nxb6 axb6 8. 0-0 Nge7 9. d3 0-0 10. c3 Ng6 11. f5 Nh4 12. Kh1 d5 13. Qe1 Nxf3 14. gxf3 Bh5 15. Qg3 Kh8 16. Qh3 g6 17. Be3 d4 18. Bh6 Rg8 19. Bc4 Qe7 20. Rg1 Na5 21. Bg5 f6 22. Bxg8 Rxg8 23. Bd2 Nc6 24. c4 Nb4 25. Bxb4 Qxb4 26. Rg2 Qe7 27. Rag1 Qe8 28. fxg6 Bxg6 29. Qh6 Qf7 30. h4 1-0

[Event "CZE-chT1W 2324"]
[Site "Czech Republic"]
[Date "2023.12.10"]
[Round "4.6"]
[White "Sebo, Igor"]
[Black "Constantinou, Peter"]
[Result "0-1"]
[WhiteElo "1858"]
[BlackElo "2263"]
[PlyCount "64"]
[EventDate "2023.10.29"]
[EventType "team-tourn"]
[EventRounds "11"]
[EventCountry "CZE"]
[SourceTitle "EXT 2025"]
[Source "ChessBase"]
[SourceDate "2024.10.14"]
[SourceVersion "1"]
[SourceVersionDate "2024.10.14"]
[SourceQuality "1"]
[WhiteTeam "Praha Oaza II"]
[BlackTeam "Pankrac"]
[WhiteTeamCountry "CZE"]
[BlackTeamCountry "CZE"]

1. e4 c5 2. Nf3 e6 3. d4 cxd4 4. Nxd4 a6 5. a4 Nf6 6. Bd3 Nc6 7. c3 d5 8. Bg5 Nxd4 9. cxd4 dxe4 10. Bxf6 gxf6 11. Bxe4 f5 12. Bf3 Bg7 13. Nc3 Qxd4 14. 0-0 Qxd1 15. Rfxd1 Rb8 16. Rd6 Ke7 17. Rad1 Be5 18. R6d2 Bc7 19. b4 Rd8 20. Rxd8 Bxd8 21. Rd4 Ke8 22. Bh5 Bf6 23. Rc4 Bd7 24. a5 Bc6 25. g4 fxg4 26. Ne4 Be7 27. Bxg4 Rd8 28. Bh5 Rd5 29. Be2 Rb5 30. Nc5 Bxc5 31. Rxc5 Rxb4 32. Bxa6 Rg4+ 0-1

[Event "Hrdonov Fontana op"]
[Site "Hrdonov"]
[Date "2012.10.20"]
[Round "1"]
[White "Sebo, Igor"]
[Black "Valenta, Petr"]
[Result "1/2-1/2"]
[WhiteElo "1691"]
[BlackElo "1968"]
[PlyCount "73"]
[EventDate "2012.10.20"]
[EventType "swiss"]
[EventRounds "9"]
[EventCountry "CZE"]
[SourceTitle "CBM 151 Extra"]
[Source "ChessBase"]
[SourceDate "2012.12.18"]
[SourceVersion "1"]
[SourceVersionDate "2012.12.18"]
[SourceQuality "1"]

1. e4 c5 2. Nf3 Nc6 3. d4 cxd4 4. Nxd4 d6 5. Nc3 a6 6. a4 Nf6 7. Be2 g6 8. 0-0 Bg7 9. Be3 0-0 10. Nb3 Be6 11. f4 Bxb3 12. cxb3 e6 13. Bf3 Qa5 14. Qxd6 Rfd8 15. Qc5 Qc7 16. e5 Nd7 17. Qc4 Nb6 18. Qe4 Bf8 19. Rac1 Nd7 20. Ne2 Qa5 21. Rfd1 Nc5 22. Qc4 Rxd1+ 23. Rxd1 Rd8 24. Nd4 Nxd4 25. Bxd4 Nxb3 26. Bc3 Qb6+ 27. Kf1 Rxd1+ 28. Bxd1 Na5 29. Qe4 Nc6 30. Bf3 Bc5 31. Qe2 Ne7 32. Qd2 Nf5 33. Ba5 Qb3 34. Qc3 Ne3+ 35. Ke1 Qxc3+ 36. Bxc3 b6 37. Ke2 1/2-1/2

[Event "CZE-chT U20 final-A 0910"]
[Site "Pavla Vlachovice"]
[Date "2010.04.24"]
[Round "10.5"]
[White "Pfeffer, Erik"]
[Black "Sebo, Igor"]
[Result "1-0"]
[WhiteElo "1899"]
[BlackElo "1731"]
[PlyCount "71"]
[EventDate "2010.04.23"]
[EventType "team-tourn"]
[EventRounds "11"]
[EventCountry "CZE"]
[SourceTitle "EXT 2011"]
[Source "ChessBase"]
[SourceDate "2010.11.26"]
[SourceVersion "1"]
[SourceVersionDate "2010.11.26"]
[SourceQuality "1"]
[WhiteTeam "Borsice (U20)"]
[BlackTeam "Praha Oaza (U20)"]
[WhiteTeamCountry "CZE"]
[BlackTeamCountry "CZE"]

1. e4 e5 2. Nf3 Nc6 3. Bb5 a6 4. Ba4 Nf6 5. d4 Nxe4 6. Qe2 Nf6 7. dxe5 Nd5 8. Bb3 Nce7 9. Bg5 c6 10. Bxd5 cxd5 11. Nc3 Qa5 12. 0-0-0 Nc6 13. Rxd5 b5 14. Nd4 Nxd4 15. Rxd4 h6 16. Bh4 g5 17. Bg3 Bc5 18. Rd5 Bb4 19. Rd3 Bxc3 20. bxc3 Qxa2 21. Rhd1 Bb7 22. Rxd7 Qa1+ 23. Kd2 Qxd1+ 24. Kxd1 Kxd7 25. Qd3+ Ke8 26. Kc1 Bxg2 27. Qf5 Ke7 28. Qf6+ Kd7 29. Qd6+ Ke8 30. Qf6 Rh7 31. h4 Kf8 32. hxg5 hxg5 33. e6 Re8 34. Bd6+ Kg8 35. e7 Rg7 36. Be5 1-0

[Event "Harrachov op-B"]
[Site "Harrachov"]
[Date "2009.10.30"]
[Round "8"]
[White "Sebo, Igor"]
[Black "Misicko, Jan"]
[Result "1-0"]
[WhiteElo "1731"]
[BlackElo "2136"]
[PlyCount "71"]
[EventDate "2009.10.24"]
[EventType "swiss"]
[EventRounds "9"]
[EventCountry "CZE"]
[SourceTitle "EXT 2012"]
[Source "ChessBase"]
[SourceDate "2011.11.24"]
[SourceVersion "1"]
[SourceVersionDate "2011.11.24"]
[SourceQuality "1"]

1. e4 e5 2. Nf3 Nc6 3. Bb5 Nf6 4. 0-0 Be7 5. Re1 0-0 6. Bxc6 dxc6 7. Nxe5 Bd6 8. Nf3 Bg4 9. e5 Bxf3 10. gxf3 Bc5 11. exf6 Qd4 12. Rf1 Qh4 13. d3 gxf6 14. Nc3 Bd6 15. f4 Kh8 16. Qf3 Rg8+ 17. Kh1 Rg4 18. Rg1 Rxg1+ 19. Kxg1 Rg8+ 20. Kh1 Rg6 21. Ne2 Rh6 22. Qg3 Qh5 23. f3 Rg6 24. Qf2 Bc5 25. Be3 Bxe3 26. Qxe3 Rh6 27. Qe8+ Kg7 28. Rg1+ Rg6 29. Rxg6+ hxg6 30. Kg2 Qb5 31. b3 Qa5 32. Qe7 Qd2 33. Kh3 Qxc2 34. Nd4 Qxd3 35. Ne6+ Kh6 36. Qf8+ 1-0

[Event "Harrachov op-B"]
[Site "Harrachov"]
[Date "2009.10.25"]
[Round "2"]
[White "Sebo, Igor"]
[Black "Baboucek, Vavrinec"]
[Result "1-0"]
[WhiteElo "1731"]
[BlackElo "1484"]
[PlyCount "63"]
[EventDate "2009.10.24"]
[EventType "swiss"]
[EventRounds "9"]
[EventCountry "CZE"]
[SourceTitle "EXT 2012"]
[Source "ChessBase"]
[SourceDate "2011.11.24"]
[SourceVersion "1"]
[SourceVersionDate "2011.11.24"]
[SourceQuality "1"]

1. e4 e5 2. Nf3 Nc6 3. Bb5 Bc5 4. Nxe5 Nxe5 5. d4 Bxd4 6. Qxd4 Qf6 7. Be3 Ne7 8. 0-0 0-0 9. f4 Ng4 10. Qxf6 Nxf6 11. Nc3 c6 12. Bd3 d5 13. e5 Ng4 14. Bc5 Re8 15. b3 Nh6 16. g4 b6 17. Bd6 d4 18. Ne2 Bb7 19. Nxd4 f6 20. Rae1 Nd5 21. c4 fxe5 22. fxe5 Ne7 23. Ne6 Rac8 24. Nc7 Red8 25. Ne6 Rd7 26. g5 Nf7 27. Bxh7+ Kxh7 28. Rxf7 c5 29. Rxg7+ Kh8 30. Rxe7 Rxe7 31. Bxe7 Re8 32. Bf6+ 1-0